| 000 | 00000nam##2200000za#4500 |
| 001 | 9.688649 |
| 003 | CaOODSP |
| 005 | 20210624231528 |
| 007 | cr ||||||||||| |
| 008 | 150407|2002||||xxc|||||o f|0| 0 eng|d |
| 040 | |aCaOODSP|beng |
| 043 | |an-cn--- |
| 086 | 1 |aSW21-148/2002E-PDF |
| 110 | 1 |aCanada. |bStatus of Women Canada. |
| 245 | 10|aGender and international trade : |h[electronic resource]|ban annotated bibliography / |cby Chantal Blouin. |
| 260 | |aOttawa - Ontario : |bStatus of Women Canada |c2002. |
| 300 | |a33p. |
| 590 | |a06-10-Supp|b2006-12-15 |
| 690 | 07|aInformation|2gcpds |
| 690 | 07|aInternational trade|2gcpds |
| 690 | 07|aMen|2gcpds |
| 690 | 07|aTrade agreements|2gcpds |
| 690 | 07|aWomen|2gcpds |
| 720 | 1 |aBlouin, Chantal |
| 775 | 08|tL'égalité des sexes et le commerce international : |w(CaOODSP)9.633070 |
| 856 | 40|ahttp://publications.gc.ca|qPDF|s315 KB|uhttps://publications.gc.ca/collections/Collection/SW21-148-2002E.pdf |